| 000 | 00528nam a2200193Ia 4500 | ||
|---|---|---|---|
| 005 | 20250326141504.0 | ||
| 008 | 250326s9999 xx 000 0 und d | ||
| 020 | _a0-02-900971-5 | ||
| 037 | _aTextbook | ||
| 040 |
_aFMSL _beng _cFMSL |
||
| 041 |
_aeng _2eng |
||
| 084 |
_aX:89U N0 _qFMSL |
||
| 100 |
_aAnsari A _9744557 |
||
| 245 | 0 |
_aJust in time Purchasing _cAnsari A; Modarress B |
|
| 260 |
_aNew York _bNew York, Free Press _c1990 |
||
| 300 | _a175p | ||
| 942 |
_cTB _hX:89U N0 |
||
| 999 |
_c1290538 _d1290538 |
||